Top 20 Joueurs de tennis américains ATP depuis 1990 - Statistiques

Statistiques générales
  • Ce quiz a été pris 41 fois
    28 depuis la dernière actualisation
  • Le résultat moyen est 10 sur 20
Statistiques - réponses
Points Jetpunk Joueur % Correct
554 Andre AGASSI
100%
634 Pete SAMPRAS
100%
273 Andy RODDICK
81%
40 Frances TIAFOE
81%
90 Taylor FRITZ
81%
110 John ISNER
76%
39 Ben SHELTON
71%
247 Michael CHANG
71%
38 Tommy PAUL
71%
251 Jim COURIER
62%
70 James BLAKE
48%
62 Mardy FISH
43%
30 Jack SOCK
38%
53 Sam QUERREY
38%
26 Sebastian KORDA
38%
112 Todd MARTIN
19%
34 Brad GILBERT
10%
47 MaliVai WASHINGTON
10%
31 Aaron KRICKSTEIN
5%
39 David WHEATON
5%
Aucun quiz correspondant
Distribution des résultats
% des personnes avec chaque résultat
Percentile par nombre de réponses
Votre historique - résultats
Vous n’avez pas pris ce quiz depuis la dernière actualisation